Circular economy, sustainability and recyclability (Record no. 55606)

MARC details
000 -LEADER
fixed length control field 00610nam a2200145Ia 4500
100 ## - MAIN ENTRY--AUTHOR NAME
Personal name Mukhopadhyay R
245 #0 - TITLE STATEMENT
Title Circular economy, sustainability and recyclability
260 ## - PUBLICATION, DISTRIBUTION, ETC. (IMPRINT)
Name of publisher Circular Economy, Recyclability and Sustainability of the Rubber Industry-A New Paradigm Shift: National Rubber Conference, 4-5 December 2019, All India Rubber Industries Association, Kolkata, India.
Year of publication Dec-19
650 ## - SUBJECT ADDED ENTRY--TOPICAL TERM
Topical Term Circular economy
650 ## - SUBJECT ADDED ENTRY--TOPICAL TERM
Topical Term Design for environment
650 ## - SUBJECT ADDED ENTRY--TOPICAL TERM
Topical Term Rubber industry
856 ## - ELECTRONIC LOCATION AND ACCESS
Uniform Resource Identifier Ref only (In: Rubber India January 2020)
942 ## - ADDED ENTRY ELEMENTS (KOHA)
Koha item type Journals
Holdings
Withdrawn status Lost status Damaged status Not for loan Home library Current library Shelving location Date acquired Koha item type
      Journals RRII Library RRII Library Rubber technology 17/12/2021 Journals